ბათუმის შოთა რუსთაველის სახელმწიფო უნივერსიტეტის ბიბლიოთეკა

საქართველოს ისტორიის საკითხები : (ბიბ.ჩანაწერი № 56123)

000 -ლიდერი
ფიქსირებული სიგრძის საკონტროლო ველი 01670nam a2200313Ia 4500
001 - საკონტროლო ნომერი
საკონტროლო ველი 23224
003 - საკონტროლო ნომრის იდენტიფიკატორი
საკონტროლო ველი GE_BSU
005 - ბოლო ოპერაციის თარიღი და დრო
საკონტროლო ველი 20230508103840.0
008 - ფიქსირებული სიგრძის მონაცემთა ელემენტები - ზოგადი ინფორმაცია
ფიქსირებული სიგრძის საკონტროლო ველი 181216s1974||||ge |||||||||||||| ||geo||
040 ## - კატალოგიზაციის წყარო
Transcribing agency GE_BSU
041 ## - ენის კოდი
Language code of text/sound track or separate title geo
080 ## - უნივერსალური ათობითი კლასიფიკაციის ინდექსი
Universal Decimal Classification number 94(479.22)"10/11 ბ-57
100 ## - მთავარი ჩანაწერი - პიროვნების სახელი
Personal name ბერძენიშვილი, ნიკოლოზ
9 (RLIN) 1447
245 ## - ცნობა სათაურის შესახებ
Title საქართველოს ისტორიის საკითხები :
Remainder of title წ. 7, [XI-XII ს.ს.] /
Statement of responsibility, etc ნიკოლოზ ბერძენიშვილი ; საქ. სსრ მეცნ. აკად., ივ. ჯავახიშვილის სახ. ისტორიის ინ-ტი.
264 ## - წარმოების, გამოცემის, დისტრიბუციის და სხვა ცნობები
გამოცემის, წარმოების, დისტრიბუციის... ადგილი თბილისი :
გამოცემის, წარმოების, დისტრიბუციის... სახელწოდება მეცნიერება,
გამოცემის, წარმოების, დისტრიბუციის... თარიღი 1974.
300 ## - ფიზიკური აღწერა
Extent 337 გვ.;
Other physical details 22 სმ.
501 ## - შენიშვნა თანმხლებ მასალაზე
With note საძიებლები გვ.: 327-335.
520 ## - SUMMARY, ETC.
Summary, etc გაშლ. თავფ. რუს. ენ.
653 ## - INDEX TERM--UNCONTROLLED
Uncontrolled term საქართველოს ისტორია -- XI-XII სს.
700 ## - ADDED ENTRY--PERSONAL NAME
Personal name აკოფაშვილი, გ.
Relator term რედაქტორი
9 (RLIN) 18010
700 ## - ADDED ENTRY--PERSONAL NAME
Personal name ბერძენიშვილი, მ.
Relator term რედაქტორი
9 (RLIN) 18011
700 ## - ADDED ENTRY--PERSONAL NAME
Personal name დუმბაძე, მ.
Relator term რედაქტორი
9 (RLIN) 18012
700 ## - ADDED ENTRY--PERSONAL NAME
Personal name სიხარულიძე, ი.
Relator term რედაქტორი
9 (RLIN) 18013
700 ## - ADDED ENTRY--PERSONAL NAME
Personal name ხანთაძე, შ.,
Relator term რედაქტორი
9 (RLIN) 3464
700 ## - ADDED ENTRY--PERSONAL NAME
Personal name ჯამბურია, გ.
Relator term რედაქტორი
9 (RLIN) 34
700 ## - ADDED ENTRY--PERSONAL NAME
Personal name ნადირაძე, გ.
Relator term მხატვარი.
9 (RLIN) 18014
942 ## - ADDED ENTRY ELEMENTS (KOHA)
Koha item type წიგნი
Source of classification or shelving scheme
ეგზემპლარები
ჩამოწერის სტატუსი დაკარგული ეგზემპლარის სტატუსი კლასიფიკაციის წყარო ან თაროზე გაწყობის სქემა დაზიანების სტატუსი არ გაიცემა მუდმივი მდებარეობა (დაცვის ადგილი) ამჟამინდელი ადგილსამყოფელი თაროზე განთავსების ადგილი შეძენის თარიღი ღირებულება, შესყიდვის ნორმალური ფასი სრული შენახვის შიფრი შტრიხკოდი ბოლო ოპერაციის თარიღი ეგზემპლარის მიმდევრობითი ნომერი (კეტერი?) ფასის ძალაში შესვლის თარიღი ეგზემპლარის სახეობა საჯარო შენიშვნა
          ბათუმის შოთა რუსთაველის სახელმწიფო უნივერსიტეტის მთავარი ბიბლიოთეკა ბათუმის შოთა რუსთაველის სახელმწიფო უნივერსიტეტის მთავარი ბიბლიოთეკა წიგნსაცავი 2018-12-17 12.00 94(479.22) 28204 2018-12-17 28204 2018-12-17 წიგნი 12 ლ.